000 00816nam a2200121Ia 4500
008 220620s9999||||xx |||||||||||||| ||und||
100 _aKirk., Robert G.W.||Jackson, Mark||Ramsden, Edmund||Cantor, David
245 0 _aChapter 9 The Invention of the 'Stressed Animal' and the Development of a Science of Animal Welfare, 1947-86
546 _aEnglish[eng]
650 _ahistory of science & medicine||history of science & medicine||Animal testing||Animal welfare||Ethology||Hans Selye||Physiology||Psychosomatic medicine||Quality of life||Universities Federation for Animal Welfare
856 _uhttps://library.oapen.org/bitstream/20.500.12657/29939/1/1000015.pdf||https://library.oapen.org/bitstream/20.500.12657/29939/1/1000015.pdf||https://library.oapen.org/bitstream/20.500.12657/29939/1/1000015.pdf
942 _cEB
999 _c26195
_d26195